• 首页
  • 本馆介绍
  • 公告通知
  • 最新文献
  • 馆藏检索
  • 电子资源
  • 读者导购
  • 参考咨询
  • 我的图书馆
  • 登录
  • 详细信息显示
  • 放入我的书架
  • 预约/预借图书
  • 作者相关作品
  • 分类相关作品
  • 丛书相关作品
  • 出版社相关作品

书目信息

  • 表格格式
  • 工作单格式
  • 卡片格式
题名:
流体输送与非均相分离技术
    
 
作者: 刘承先 主编
分册:  
出版信息: 北京   化学工业出版社  2014.08
页数: 263页
开本: 26cm
丛书名:
单 册:
中图分类: TQ022.1 , TQ028
科图分类:
主题词: 流体输送--化工过程--高等教育--教材 , 相分离--化工过程--高等教育--教材 , 流体输送 , 化工过程 , 相分离
电子资源:
ISBN: 978-7-122-21117-0
000 01089nam0 2200325 450
001 0120141380982
005 20170418151356.32
010    @a978-7-122-21117-0@dCNY32.00
100    @a20140903d2014 em y0chiy0110 ea
101 0  @achi
102    @aCN@b110000
105    @aak z 000yy
106    @ar
200 1  @a流体输送与非均相分离技术@9liu ti shu song yu fei jun xiang fen li ji shu@f刘承先主编
205    @a2版
210    @a北京@c化学工业出版社@d2014.08
215    @a263页@c图@d26cm
300    @a“十二五”职业教育国家规划教材 “十二五”江苏省高等学校重点教材(编号:2013-1-045)
330    @a本书内容包括:液体物料输送的操作与控制;气体物料输送的操作与控制;固体物料输送的操作与控制;液固相物系分离的操作与控制等。
333    @a职业教育
606 0  @a流体输送@x化工过程@x高等教育@j教材
606 0  @a相分离@x化工过程@x高等教育@j教材
606 0  @a流体输送
606 0  @a化工过程
606 0  @a相分离
690    @aTQ022.1@v5
690    @aTQ028@v5
701  0 @a刘承先@9liu cheng xian@4主编
801  0 @aCN@b人天书店@c20140903
905    @b985691-94@dTQ022.1@e314=2@f4
    
    流体输送与非均相分离技术/刘承先主编.-2版.-北京:化学工业出版社,2014.08
    263页:图;26cm
    “十二五”职业教育国家规划教材 “十二五”江苏省高等学校重点教材(编号:2013-1-045).-使用对象:职业教育
    
    ISBN 978-7-122-21117-0:CNY32.00
    本书内容包括:液体物料输送的操作与控制;气体物料输送的操作与控制;固体物料输送的操作与控制;液固相物系分离的操作与控制等。
●
相关链接 在E读中查询图书 在五车中查询图书 在当当中查询图书 在豆瓣中查询图书


正题名:流体输送与非均相分离技术     索取号:TQ022.1/314=2         预约/预借

序号 登录号 条形码 馆藏地/架位号 状态 备注
1 985691   209856912   第二样本阅览室/ [索取号:TQ022.1/314=2] 在馆    
2 985692   209856921   第三借阅区/ [索取号:TQ022.1/314=2] 在馆    
3 985693   209856930   第三借阅区/ [索取号:TQ022.1/314=2] 在馆    
4 985694   209856949   密集书库-化学系/ [索取号:TQ022.1/314=2] 在馆    
唐山师范学院图书馆 欢迎您!
大连网信软件有限公司© 版权所有